Statistics for All Jethro Tull Songs

Click here to take the quiz!

General Stats

  • This quiz has been taken 85 times
    (65 since last reset)
  • The average score is 81 of 259

Answer Stats

AlbumSong% Correct
AqualungAqualung
95%
AqualungLocomotive Breath
88%
BenefitSon
88%
Living in the Past | Stand UpLiving in the Past
83%
Minstrel in the GalleryMinstrel in the Gallery
83%
Songs from the WoodSongs from the Wood
80%
Too Old to Rock 'n' Roll: Too Young to Die!Too Old to Rock 'n' Roll: Too Young to Die!
73%
AqualungCross-Eyed Mary
70%
Heavy HorsesHeavy Horses
70%
AqualungMy God
68%
Stand UpFat Man
63%
The Jethro Tull Christmas AlbumRing Out Solstice Bells
63%
Songs from the WoodRing Out, Solstice Bells
63%
Thick as a BrickThick as a Brick, Part I
63%
Thick as a BrickThick as a Brick, Part II
63%
Stand Up | The Jethro Tull Christmas AlbumBourée
60%
Rock IslandCheap Day Return/Mother Goose
60%
Crest of a KnaveFarm on the Freeway
60%
BenefitTeacher
60%
AqualungHymn 43
58%
AqualungMother Goose
58%
Songs from the WoodVelvet Green
55%
AqualungWond'ring Aloud
55%
This WasA Song for Jeffrey
53%
The Broadsword and the BeastBroadsword
53%
Songs from the Wood | The Jethro Tull Christmas AlbumFire at Midnight
53%
Songs from the WoodJack-in-the-Green
53%
War ChildWar Child
53%
AqualungWind-Up
53%
Stand UpA New Day Yesterday
50%
The Broadsword and the BeastBeastie
50%
War ChildBungle in the Jungle
50%
AqualungCheap Day Return
50%
Songs from the WoodPibroch (Cap in Hand)
50%
Songs from the WoodThe Whistler
50%
A Passion PlayA Passion Play, Part I
48%
A Passion PlayA Passion Play, Part II
48%
Crest of a KnaveBudapest
48%
Songs from the WoodHunting Girl
48%
StormwatchNorth Sea Oil
45%
Rock IslandRock Island
45%
Crest of a KnaveSteel Monkey
45%
AqualungUp to Me
45%
BenefitWitch's Promise
45%
The Jethro Tull Christmas AlbumA Christmas Song
43%
Heavy Horses...And the Mouse Police Never Sleeps
43%
Minstrel in the GalleryBaker St. Muse
43%
Minstrel in the GalleryCold Wind to Valhalla
43%
Songs from the WoodCup of Wonder
43%
Stand UpNothing Is Easy
43%
Roots to BranchesRoots to Branches
43%
Rock IslandAnother Christmas Song
40%
Minstrel in the GalleryBlack Satin Dancer
40%
BenefitInside
40%
Stand UpJeffrey Goes to Leicester Square
40%
Heavy HorsesOne Brown Mouse
40%
Minstrel in the GalleryRequiem
40%
BenefitTo Cry You a Song
40%
Heavy Horses | The Jethro Tull Christmas AlbumWeathercock
40%
The Broadsword and the BeastClasp
38%
This WasDharma for One
38%
StormwatchDun Ringill
38%
BenefitFor Michael Collins, Jeffrey and Me
38%
Minstrel in the GalleryOne White Duck / 010 = Nothing at All
38%
StormwatchOrion
38%
Too Old to Rock 'n' Roll: Too Young to Die!Quizz Kid
38%
War ChildSealion
38%
War ChildSkating Away on the Thin Ice of the New Day
38%
AqualungSlipstream
38%
The Broadsword and the BeastSlow Marching Band
38%
Stand UpSweet Dream
38%
BenefitWith You There to Help Me
38%
Heavy HorsesAcres Wild
35%
Stand UpBack to the Family
35%
This WasBeggar's Farm
35%
Songs from the WoodBeltane
35%
ABlack Sunday
35%
The Broadsword and the BeastCheerio
35%
This WasChristmas Song
35%
J-Tull Dot ComDot Com
35%
StormwatchElegy
35%
StormwatchFlying Dutchman
35%
Stand UpFor a Thousand Mothers
35%
The Broadsword and the BeastJack A Lynn
35%
Crest of a KnaveJump Start
35%
Heavy HorsesMoths
35%
This WasMy Sunday Feeling
35%
Heavy HorsesNo Lullaby
35%
BenefitNothing to Say
35%
Stand UpReasons for Waiting
35%
Crest of a KnaveSaid She Was a Dancer
35%
Too Old to Rock 'n' Roll: Too Young to Die!Salamander
35%
BenefitSossity; You're a Woman
35%
Too Old to Rock 'n' Roll: Too Young to Die!Taxi Grab
35%
War ChildTwo Fingers
35%
Stand UpWe Used to Know
35%
War ChildBack-Door Angels
33%
Heavy HorsesJourneyman
33%
Stand UpLook into the Sun
33%
AqualungNursie
33%
The Broadsword and the BeastPussy Willow
33%
Too Old to Rock 'n' Roll: Too Young to Die!The Chequered Flag (Dead or Alive)
33%
War ChildThe Third Hoorah
33%
Under WrapsUnder Wraps #2
33%
Stand Up17
30%
ABatteries Not Included
30%
StormwatchDark Ages
30%
Crest of a KnaveDogs in the Midwinter
30%
The Broadsword and the BeastFallen on Hard Times
30%
Too Old to Rock 'n' Roll: Too Young to Die!From a Dead Beat to an Old Greaser
30%
Minstrel in the GalleryGrace
30%
The Broadsword and the Beast | The Jethro Tull Christmas AlbumJack Frost and the Hooded Crow
30%
Rock IslandKissing Willie
30%
War ChildLadies
30%
Under WrapsLap of Luxury
30%
AqualungLick Your Fingers Clean
30%
Living in the Past | This WasLove Story
30%
War ChildOnly Solitaire
30%
Too Old to Rock 'n' Roll: Too Young to Die!Pied Piper
30%
BenefitPlay in Time
30%
War ChildQueen and Country
30%
Heavy HorsesRover
30%
War ChildSealion 2
30%
StormwatchWarm Sporran
30%
A4.W.D. (Low Ratio)
28%
BenefitAlive and Well and Living In
28%
BenefitA Time for Everything?
28%
Under WrapsAutomotive Engineering
28%
This WasCat's Squirrel
28%
The Broadsword and the BeastFlying Colours
28%
AFylingdale Flyer
28%
StormwatchHome
28%
StormwatchKing Henry's Madrigal
28%
Crest of a KnaveMountain Men
28%
This WasMove on Alone
28%
StormwatchOld Ghosts
28%
War ChildQuartet
28%
Catfish RisingRocks on the Road
28%
This WasSome Day the Sun Won't Shine for You
28%
Catfish RisingThis Is Not Love
28%
Under WrapsUnder Wraps #1
28%
AqualungUp the 'Pool
28%
AWorking John, Working Joe
28%
AAnd Further On
25%
StormwatchA Stitch in Time
25%
ACrossfire
25%
Stand UpDriving Song
25%
This WasIt's Breaking Me Up
25%
Under WrapsRadio Free Moscow
25%
War ChildRainbow Blues
25%
This WasRound
25%
StormwatchSomething's on the Move
25%
Catfish RisingStill Loving You Tonight
25%
Crest of a KnaveThe Waking Edge
25%
Under WrapsTundra
25%
Roots to BranchesAnother Harry's Bar
23%
Under WrapsApogee
23%
Too Old to Rock 'n' Roll: Too Young to Die!Big Dipper
23%
Heavy HorsesBroadford Bazaar
23%
Too Old to Rock 'n' Roll: Too Young to Die!Crazed Institution
23%
AqualungFor Later
23%
StormwatchKelpie
23%
Under WrapsNobody's Car
23%
War ChildParadise Steakhouse
23%
Crest of a KnaveRaising Steam
23%
The Broadsword and the BeastSeal Driver
23%
This WasSerenade to a Cuckoo
23%
BenefitSinging All Day
23%
Minstrel in the GallerySummerday Sands
23%
The Broadsword and the BeastWatching Me, Watching You
23%
Too Old to Rock 'n' Roll: Too Young to Die!A Small Cigar
20%
Under WrapsAstronomy
20%
Too Old to Rock 'n' Roll: Too Young to Die!Bad-Eyed and Loveless
20%
Under WrapsEuropean Legacy
20%
Under WrapsGeneral Crossing
20%
War ChildGlory Row
20%
The Jethro Tull Christmas AlbumGod Rest Ye Merry, Gentlemen
20%
Aqualung | BenefitJust Trying to Be
20%
AqualungLife Is a Long Song
20%
The Broadsword and the BeastOverhang
20%
Minstrel in the GalleryPan Dance
20%
Crest of a KnavePart of the Machine
20%
War ChildSaturation
20%
Rock IslandThe Whaler's Dues
20%
AUniform
20%
Roots to BranchesValley
20%
War ChildWarchild Waltz
20%
Roots to BranchesWounded, Old and Treacherous
20%
Roots to BranchesAt Last, Forever
18%
J-Tull Dot ComAWOL
18%
Roots to BranchesBeside Myself
18%
J-Tull Dot ComBlack Mamba
18%
J-Tull Dot ComHot Mango Flush
18%
Minstrel in the GalleryMarch the Mad Scientist
18%
The Broadsword and the BeastMayhem Maybe
18%
This WasOne for John Gee
18%
Under WrapsPaparazzi
18%
AProtect and Survive
18%
J-Tull Dot ComSpiral
18%
Roots to BranchesStuck in the August Rain
18%
Rock IslandThe Rattlesnake Trail
18%
Catfish RisingWhen Jesus Came to Play
18%
J-Tull Dot ComA Gift of Roses
15%
Rock IslandBig Riff and Mando
15%
The Jethro Tull Christmas AlbumBirthday Card at Christmas
15%
The Broadsword and the BeastDown at the End of Your Road
15%
Under WrapsHeat
15%
Rock IslandHeavy Water
15%
J-Tull Dot ComHunt by Numbers
15%
The Jethro Tull Christmas AlbumLast Man at the Party
15%
Under WrapsLater, That Same Evening
15%
Catfish RisingLike a Tall Thin Girl
15%
Catfish RisingOccasional Demons
15%
The Jethro Tull Christmas AlbumPavane
15%
Roots to BranchesRare and Precious Chains
15%
Too Old to Rock 'n' Roll: Too Young to Die!Strip Cartoon
15%
Living in the PastSunshine Day
15%
AThe Pine Marten's Jig
15%
Rock IslandUndressed to Kill
15%
StormwatchCrosswords
13%
Roots to BranchesDangerous Veils
13%
J-Tull Dot ComEl Niño
13%
Heavy HorsesLiving in These Hard Times
13%
SingleLiving in the (Slightly More Recent) Past
13%
J-Tull Dot ComMango Surprise
13%
Roots to BranchesOut of the Noise
13%
Catfish RisingRoll Yer Own
13%
Under WrapsSaboteur
13%
Catfish RisingSparrow on the Schoolyard Wall
13%
Rock IslandStrange Avenues
13%
Catfish RisingThinking Round Corners
13%
The Broadsword and the BeastToo Many Too
13%
Catfish RisingWhite Innocence
13%
The Jethro Tull Christmas AlbumA Winter Snowscape
10%
Rock IslandEars of Tin
10%
The Jethro Tull Christmas AlbumFirst Snow on Brooklyn
10%
Catfish RisingGold-Tipped Boots, Black Jacket and Tie
10%
Catfish RisingSleeping with the Dog
10%
Roots to BranchesThis Free Will
10%
The Jethro Tull Christmas AlbumWe Five Kings
10%
J-Tull Dot ComBends Like a Willow
8%
Catfish RisingDoctor to My Disease
8%
J-Tull Dot ComFar Alaska
8%
The Jethro Tull Christmas AlbumGreensleeved
8%
J-Tull Dot ComNothing @ All
8%
J-Tull Dot ComWicked Windows
8%
The Jethro Tull Christmas AlbumHolly Herald
5%
The Broadsword and the BeastI Am Your Gold
5%
Catfish RisingNight in the Wilderness
5%
The Broadsword and the BeastRhythm and Gold
5%
J-Tull Dot ComThe Dog-Ear Years
3%
AqualungUS Radio Spot
3%

Score Distribution

Percentile by Number Answered

Percent of People with Each Score

Your Score History

You have not taken this quiz since the last reset